[Event "Annex CC Winter Is Coming U1800"]
[Site "Toronto CAN"]
[Date "2018.11.05"]
[Round "1"]
[White "Armstrong, Robert J"]
[Black "Patton, Mark"]
[Result "1/2-1/2"]
[WhiteElo "1574"]
[BlackElo "1204"]
[PlyCount "59"]
[EventDate "2018.11.05"]
[EventType "swiss"]
[EventRounds "5"]
[EventCountry "CAN"]

1. d4 Nf6 2. c4 e6 3. Nf3 b6 4. e3 Bb7 5. Bd3 Be7 6. O-O O-O 7. Nc3 d5 8. b3 c5
9. dxc5 dxc4 10. Bxc4 Bxc5 11. Qe2 Qe7 12. Bb2 Nc6 13. Nb5 Rfd8 14. Nbd4 Nxd4
15. exd4 Bd6 16. Rfe1 Bb4 17. Red1 Nd5 18. Rac1 Rac8 19. Bxd5 Bxd5 20. Ne5 Qg5
21. f3 Bd6 22. g3 Qf5 23. Rf1 Rxc1 24. Bxc1 Rc8 25. Nd3 Rc3 26. Nf4 Bxf4 27.
Bxf4 g5 28. Be3 Qd3 29. Qxd3 Rxd3 30. Bxg5 1/2-1/2

[Event "Annex CC Winter Is Coming U1800"]
[Site "Toronto CAN"]
[Date "2018.11.26"]
[Round "3"]
[White "Grisar, Charlie"]
[Black "Armstrong, Robert J"]
[Result "1-0"]
[WhiteElo "1440"]
[BlackElo "1574"]
[PlyCount "111"]
[EventDate "2018.11.05"]
[EventType "swiss"]
[EventRounds "5"]
[EventCountry "CAN"]

1. e4 g6 2. d4 Bg7 3. Nf3 c5 4. Bc4 Qb6 5. c3 cxd4 6. Nxd4 Nc6 7. Nxc6 bxc6 8.
O-O e6 9. Qd6 c5 10. Rd1 Qxd6 11. Rxd6 Ke7 12. Rd1 Bb7 13. f3 Nf6 14. Bf4 d5
15. exd5 Nxd5 16. Bb5 Rhd8 17. Bg5+ f6 18. Bc1 Rac8 19. Na3 a6 20. Bc4 Nb6 21.
Be3 Nxc4 22. Nxc4 Bd5 23. Nb6 Rc6 24. c4 Rxb6 25. Bxc5+ Rbd6 26. cxd5 Ke8 27.
Bxd6 Rxd6 28. dxe6 Rxe6 29. Re1 Ke7 30. Rxe6+ Kxe6 31. Rd1 f5 32. b3 a5 33. g4
fxg4 34. fxg4 h5 35. g5 Bc3 36. Kf2 Kf5 37. Rd3 Bb4 38. h4 Kg4 39. Rd4+ Kf5 40.
Kf3 Ke5 41. Rc4 Kd5 42. Ke3 Be1 43. a3 Bg3 44. Kd3 Be1 45. b4 axb4 46. axb4 Bf2
47. b5 Ke5 48. Rc6 Bxh4 49. b6 Kf5 50. b7 Bg3 51. Rc5+ Ke6 52. Rb5 Bb8 53. Ke4
h4 54. Rb6+ Kf7 55. Rf6+ Kg7 56. Rf3 1-0

[Event "Annex CC Winter Is Coming U1800"]
[Site "Toronto CAN"]
[Date "2018.12.03"]
[Round "4"]
[White "Armstrong, Robert J"]
[Black "Kalmanson, Evgeny"]
[Result "1-0"]
[WhiteElo "1574"]
[BlackElo "1365"]
[PlyCount "99"]
[EventDate "2018.11.05"]
[EventType "swiss"]
[EventRounds "5"]
[EventCountry "CAN"]

1. d4 d5 2. Nf3 Nf6 3. e3 Bf5 4. c4 e6 5. Bd3 Bxd3 6. Qxd3 Nc6 7. a3 dxc4 8.
Qxc4 Qd5 9. Qe2 Ne4 10. O-O Bd6 11. Nbd2 a6 12. Nxe4 Qxe4 13. b4 O-O 14. Bb2 e5
15. Rad1 exd4 16. Bxd4 Nxd4 17. Rxd4 Qe7 18. Rfd1 a5 19. bxa5 Rxa5 20. a4 Rfa8
21. Qc2 h6 22. Rb1 b6 23. Rb5 Rxb5 24. axb5 Ra1+ 25. Rd1 Rxd1+ 26. Qxd1 Qf6 27.
g3 Qf5 28. Nd4 Qc5 29. Qg4 Qg5 30. Qd7 Qe7 31. Qc8+ Qf8 32. Qg4 Qd8 33. Nf5 Qf6
34. Nxd6 Qxd6 35. Qc8+ Kh7 36. Qe8 Qe6 37. Qxe6 fxe6 38. f4 g5 39. Kf2 g4 40.
e4 Kg6 41. Ke3 Kf6 42. Kd4 h5 43. Kc4 Ke7 44. Kd3 Kd7 45. e5 Ke7 46. Ke4 Kd7
47. f5 exf5+ 48. Kxf5 c5 49. bxc6+ Kxc6 50. Kf6 1-0

[Event "Aurora Fall op U2000"]
[Site "Newmarket CAN"]
[Date "2018.10.20"]
[Round "1"]
[White "Armstrong, Robert J"]
[Black "Xie, Austin"]
[Result "0-1"]
[WhiteElo "1519"]
[BlackElo "1686"]
[PlyCount "76"]
[EventDate "2018.10.20"]
[EventType "swiss"]
[EventRounds "5"]
[EventCountry "CAN"]

1. d4 d5 2. Nf3 Nf6 3. e3 c5 4. c4 Nc6 5. Bd3 Bg4 6. dxc5 e5 7. h3 Bxf3 8. gxf3
Bxc5 9. Rg1 Rg8 10. cxd5 Qxd5 11. Nc3 Bb4 12. e4 Qd4 13. Qc2 O-O-O 14. Bb5 Qc5
15. Bxc6 Qxc6 16. Bd2 Nd7 17. O-O-O Nc5 18. Nd5 Bxd2+ 19. Rxd2 Rd7 20. Rgd1 Na4
21. Nf6 Rxd2 22. Qxc6+ bxc6 23. Nxg8 Rxd1+ 24. Kxd1 Kd7 25. Kc2 Ke8 26. Kb3 Nb6
27. Kb4 Kf8 28. Nh6 gxh6 29. Kc5 Na4+ 30. Kxc6 Nxb2 31. Kb5 Ke7 32. a4 Nxa4 33.
Kxa4 Kf6 34. h4 Kg6 35. Ka5 Kh5 36. Ka6 Kxh4 37. Kxa7 Kg5 38. Kb6 h5 0-1

[Event "Aurora Fall op U2000"]
[Site "Newmarket CAN"]
[Date "2018.10.20"]
[Round "1.1"]
[White "Qiao, Joey"]
[Black "Khachaturov, Vadim"]
[Result "1/2-1/2"]
[WhiteElo "1486"]
[BlackElo "1748"]
[PlyCount "122"]
[EventDate "2018.10.20"]
[EventType "swiss"]
[EventRounds "5"]
[EventCountry "CAN"]

1. e4 c5 2. Nf3 d6 3. Bb5+ Bd7 4. Bxd7+ Qxd7 5. O-O e6 6. c3 Nc6 7. d4 cxd4 8.
cxd4 Nf6 9. Nc3 Be7 10. Bf4 O-O 11. Rc1 Rac8 12. Qe2 Rfd8 13. Rfd1 Qe8 14. a3
a6 15. Rc2 Na5 16. Nd2 b5 17. Rdc1 Nc4 18. Nxc4 Rxc4 19. Be3 Rdc8 20. f3 d5 21.
Bf2 b4 22. axb4 Bxb4 23. Na2 Qb5 24. Rxc4 Rxc4 25. Rxc4 dxc4 26. Nxb4 Qxb4 27.
Be1 Qb5 28. Bc3 h6 29. Qd2 Nd7 30. Qf4 Qb6 31. Kf1 f6 32. Qg4 Qd6 33. g3 Kf7
34. Qh5+ Kf8 35. Qa5 Kg8 36. Qd8+ Kh7 37. Qc8 e5 38. Qxc4 exd4 39. Bxd4 Ne5 40.
Bxe5 Qxe5 41. Qe2 a5 42. f4 Qc5 43. Kg2 a4 44. Qd3 Qc6 45. Kf3 h5 46. Qd5 Qe8
47. e5 fxe5 48. Qxe5 Qf7 49. Qe4+ g6 50. Qxa4 Qb7+ 51. Qe4 Qb3+ 52. Kg2 Qxb2+
53. Kh3 Qf2 54. Qe7+ Kh6 55. Qf6 Kh7 56. Qg5 Qe2 57. f5 gxf5 58. Qxf5+ Kh6 59.
Qf4+ Kh7 60. g4 Qxg4+ 61. Qxg4 hxg4+ 1/2-1/2

[Event "Aurora Fall op U2000"]
[Site "Newmarket CAN"]
[Date "2018.10.20"]
[Round "1.2"]
[White "Ajith, Aayush"]
[Black "Sharma, Vishruth"]
[Result "1-0"]
[WhiteElo "1734"]
[BlackElo "1608"]
[PlyCount "57"]
[EventDate "2018.10.20"]
[EventType "swiss"]
[EventRounds "5"]
[EventCountry "CAN"]

1. d4 Nf6 2. c4 g6 3. Nc3 Bg7 4. Nf3 O-O 5. g3 c6 6. Bg2 d5 7. Ne5 e6 8. O-O
Nbd7 9. f4 Nxe5 10. fxe5 Nd7 11. cxd5 cxd5 12. e4 Nb6 13. a4 dxe4 14. Nxe4 Nd5
15. Bg5 Qb6 16. Rf2 h6 17. Bc1 Rd8 18. Qf3 Rd7 19. Nd6 Rxd6 20. Qxf7+ Kh8 21.
exd6 Bxd4 22. Qf8+ Kh7 23. Qxh6+ Kg8 24. Qxg6+ Kh8 25. Be4 Nf6 26. Kh1 Bxf2 27.
Qxf6+ Kg8 28. Qg6+ Kf8 29. Bh6# 1-0

[Event "Aurora Fall op U2000"]
[Site "Newmarket CAN"]
[Date "2018.10.20"]
[Round "1.3"]
[White "Hughes-Dupuy, Henry"]
[Black "Chakkoli, Shiva"]
[Result "0-1"]
[WhiteElo "1472"]
[BlackElo "1666"]
[PlyCount "68"]
[EventDate "2018.10.20"]
[EventType "swiss"]
[EventRounds "5"]
[EventCountry "CAN"]

1. e4 b6 2. Nc3 g6 3. Bc4 Bg7 4. Nf3 e6 5. d4 Ba6 6. Bxa6 Nxa6 7. d5 e5 8. Qe2
Qc8 9. Nb5 d6 10. O-O Ne7 11. c3 h6 12. Nd2 O-O 13. f4 exf4 14. Rxf4 Re8 15.
Qc4 g5 16. Rf1 Ng6 17. Nf3 Nc5 18. Re1 a6 19. Na3 b5 20. Qe2 Rxe4 21. Qf1 Qf5
22. Be3 Qxd5 23. Bxc5 Qxc5+ 24. Kh1 Rae8 25. Rxe4 Rxe4 26. Re1 Qd5 27. Nc2 Rxe1
28. Qxe1 Qe6 29. Qd2 c5 30. Ne3 Nf4 31. g3 Qe4 32. Qf2 Nh3 33. Qe2 g4 34. Kg2
Ng5 0-1

[Event "Aurora Fall op U2000"]
[Site "Newmarket CAN"]
[Date "2018.10.20"]
[Round "1.5"]
[White "Wang, Eric"]
[Black "Kuehl, Scott"]
[Result "0-1"]
[WhiteElo "1536"]
[BlackElo "1588"]
[PlyCount "116"]
[EventDate "2018.10.20"]
[EventType "swiss"]
[EventRounds "5"]
[EventCountry "CAN"]

1. e4 Nf6 2. e5 Nd5 3. d4 d6 4. Nf3 dxe5 5. dxe5 Bg4 6. Bc4 e6 7. O-O Be7 8. b3
c6 9. Bb2 O-O 10. Nbd2 Qc7 11. Qe2 Nd7 12. Bd3 Nc5 13. Ne4 Nf4 14. Qe3 Nfxd3
15. cxd3 Nxe4 16. Qxe4 Bf5 17. Qe3 Rfd8 18. Rfd1 Rd5 19. Rac1 Qa5 20. a4 Rad8
21. d4 c5 22. Qe2 cxd4 23. Rxd4 Rxd4 24. Nxd4 Bg6 25. Bc3 Qb6 26. Qc4 Qc5 27.
Qxc5 Bxc5 28. b4 Be7 29. g3 h6 30. b5 Bc5 31. Nb3 Ba3 32. Re1 Bc2 33. Ra1 Rd1+
34. Rxd1 Bxd1 35. Na5 Bxa4 36. Nxb7 Bxb5 37. Bd4 a6 38. Bc3 Kf8 39. f4 Bc6 40.
Nd6 Ke7 41. Kf2 g6 42. Nc4 Bc5+ 43. Ne3 Bb5 44. Kf3 Kd7 45. Ke4 h5 46. h3 Kc7
47. g4 hxg4 48. hxg4 Kb6 49. Bd4 a5 50. f5 a4 51. fxg6 fxg6 52. Nc2 g5 53.
Bxc5+ Kxc5 54. Nd4 Bc6+ 55. Kd3 Bd5 56. Kc3 a3 57. Ne2 Bf3 58. Ng3 Kd5 0-1

[Event "Aurora Fall op U2000"]
[Site "Newmarket CAN"]
[Date "2018.10.20"]
[Round "1.6"]
[White "Huang, Youhe"]
[Black "Gauthier, David"]
[Result "1-0"]
[WhiteElo "1691"]
[BlackElo "1383"]
[PlyCount "93"]
[EventDate "2018.10.20"]
[EventType "swiss"]
[EventRounds "5"]
[EventCountry "CAN"]

1. d4 Nf6 2. Nf3 g6 3. g3 Bg7 4. Bg2 O-O 5. b3 Re8 6. Bb2 d5 7. Nbd2 c6 8. O-O
Nbd7 9. c4 e6 10. Qc2 b6 11. Rad1 Qc7 12. Ne1 Bb7 13. e3 Rac8 14. cxd5 cxd5 15.
Rc1 Qd6 16. Qb1 Qb4 17. Nef3 Ne4 18. Nxe4 dxe4 19. Ng5 f5 20. Rxc8 Bxc8 21. Rc1
Qe7 22. h4 Nf6 23. Bf1 a6 24. Rc6 Nd5 25. Bc4 h6 26. Nh3 Bb7 27. Bxd5 Bxc6 28.
Bxc6 Rc8 29. d5 e5 30. Qc1 Kh8 31. Ba3 Qc7 32. Qc4 b5 33. Qe2 Bf8 34. Bb2 Be7
35. h5 g5 36. g4 fxg4 37. Qxg4 Rf8 38. Qe6 Bf6 39. Ba3 Rf7 40. Bd6 Qa7 41. Be8
Rg7 42. Qxf6 g4 43. Qf8+ Kh7 44. Bg6+ Rxg6 45. hxg6+ Kxg6 46. Qg8+ Kh5 47. Qe8+
1-0

[Event "Aurora Fall op U2000"]
[Site "Newmarket CAN"]
[Date "2018.10.20"]
[Round "1.8"]
[White "Lim, Levi"]
[Black "Cao, Bruce"]
[Result "0-1"]
[WhiteElo "1793"]
[BlackElo "1344"]
[PlyCount "72"]
[EventDate "2018.10.20"]
[EventType "swiss"]
[EventRounds "5"]
[EventCountry "CAN"]

1. e4 c5 2. Nf3 d6 3. c3 Nc6 4. Be2 Nf6 5. d4 cxd4 6. cxd4 d5 7. e5 Nd7 8. O-O
Nb6 9. h3 Bf5 10. Nc3 e6 11. Be3 Be7 12. Bd3 Bxd3 13. Qxd3 a6 14. Rac1 Rc8 15.
Nd2 O-O 16. a3 f6 17. exf6 Bxf6 18. b4 e5 19. dxe5 Nxe5 20. Bxb6 Nxd3 21. Bxd8
Rfxd8 22. Nxd5 Rxc1 23. Nxf6+ gxf6 24. Ne4 Rxf1+ 25. Kxf1 Kf7 26. g3 h6 27. f4
f5 28. Nd2 Nxf4 29. Nc4 Nxh3 30. Kg2 Ng5 31. Ne5+ Ke6 32. Nc4 b5 33. Na5 Rd3
34. Nb7 Rxa3 35. Nc5+ Kd5 36. Nd7 Ra2+ 0-1

[Event "Aurora Fall op U2000"]
[Site "Newmarket CAN"]
[Date "2018.10.20"]
[Round "1.9"]
[White "Yang, Brett"]
[Black "Moran-Venegas, Mario"]
[Result "1/2-1/2"]
[WhiteElo "1459"]
[BlackElo "1670"]
[PlyCount "63"]
[EventDate "2018.10.20"]
[EventType "swiss"]
[EventRounds "5"]
[EventCountry "CAN"]

1. c4 Nf6 2. Nc3 g6 3. g3 e5 4. Bg2 Bg7 5. d3 O-O 6. Nf3 d6 7. Bd2 c5 8. Qc1
Re8 9. Bh6 Bh8 10. Bg5 Nbd7 11. Nd2 Qb6 12. O-O Bg7 13. Nde4 Nxe4 14. Nxe4 f5
15. Nc3 Nf6 16. Rb1 Rb8 17. a3 a6 18. b4 cxb4 19. axb4 Bd7 20. b5 axb5 21. Nxb5
Bxb5 22. Rxb5 Qc7 23. Qb2 Re7 24. Rb1 h6 25. Bxf6 Bxf6 26. Bxb7 Kg7 27. Qb3 e4
28. Bd5 Rxb5 29. Qxb5 exd3 30. exd3 Bd4 31. Qa6 Qc5 32. Qa2 1/2-1/2

[Event "Aurora Fall op U2000"]
[Site "Newmarket CAN"]
[Date "2018.10.20"]
[Round "1.13"]
[White "Xiao, Edward"]
[Black "Hua, Michelle"]
[Result "1/2-1/2"]
[WhiteElo "1428"]
[BlackElo "1172"]
[PlyCount "64"]
[EventDate "2018.10.20"]
[EventType "swiss"]
[EventRounds "5"]
[EventCountry "CAN"]

1. d4 d5 2. c4 e6 3. Nc3 Nf6 4. Bg5 Be7 5. e3 O-O 6. Bd3 Nc6 7. Nf3 h6 8. Bh4
Na5 9. Ne5 dxc4 10. Nxc4 Nxc4 11. Bxc4 b6 12. Be2 Bb7 13. Bf3 Nd5 14. Bxe7 Qxe7
15. Nxd5 Bxd5 16. Bxd5 exd5 17. Qb3 Qg5 18. O-O Rfc8 19. Rac1 c6 20. Qa4 Qf6
21. Rc3 Rc7 22. Rfc1 Rac8 23. b4 Qd6 24. a3 Qd7 25. Qc2 b5 26. Qd1 Ra8 27. Qc2
Rac8 28. h3 Qd6 29. Qb1 Rb8 30. R1c2 Rb6 31. Qc1 a6 32. Rc5 Qe6 1/2-1/2

[Event "Aurora Fall op U2000"]
[Site "Newmarket CAN"]
[Date "2018.10.20"]
[Round "1.14"]
[White "Jordan, John"]
[Black "Gao, William"]
[Result "1-0"]
[WhiteElo "1567"]
[BlackElo "1369"]
[PlyCount "79"]
[EventDate "2018.10.20"]
[EventType "swiss"]
[EventRounds "5"]
[EventCountry "CAN"]

1. d4 Nf6 2. Nf3 e6 3. c4 Bb4+ 4. Bd2 Qe7 5. a3 Bxd2+ 6. Nbxd2 d5 7. e3 O-O 8.
Bd3 b6 9. cxd5 exd5 10. O-O c5 11. Rc1 c4 12. Bb1 a5 13. Re1 b5 14. e4 dxe4 15.
Nxe4 h6 16. h3 Be6 17. Nxf6+ Qxf6 18. d5 Bd7 19. Qd2 Bxh3 20. Re3 Bf5 21. Ba2
Nd7 22. Rce1 Nc5 23. Ne5 Rfe8 24. Ng4 Bxg4 25. Rxe8+ Rxe8 26. Rxe8+ Kh7 27.
Bb1+ Bf5 28. Bxf5+ Qxf5 29. d6 Qd7 30. Re7 Qd8 31. Qf4 Ne6 32. Qf5+ Kh8 33.
Qxf7 Qxd6 34. Rxe6 Qd1+ 35. Kh2 Qd4 36. Qf8+ Kh7 37. Qf5+ g6 38. Re7+ Qg7 39.
Rxg7+ Kxg7 40. Qxb5 1-0

[Event "Aurora Fall op U2000"]
[Site "Newmarket CAN"]
[Date "2018.10.20"]
[Round "2"]
[White "Benggawan, Undriadi"]
[Black "Armstrong, Robert J"]
[Result "1-0"]
[WhiteElo "1645"]
[BlackElo "1519"]
[PlyCount "43"]
[EventDate "2018.10.20"]
[EventType "swiss"]
[EventRounds "5"]
[EventCountry "CAN"]

1. d4 f5 2. Bf4 Nf6 3. e3 e6 4. Nd2 Be7 5. c3 O-O 6. Bd3 b6 7. Qb3 Bb7 8. f3
Nd5 9. Nf1 Bg5 10. Nh3 Nxf4 11. exf4 Bh4+ 12. Ng3 Nc6 13. O-O Kh8 14. Qc2 Rg8
15. d5 Ne7 16. dxe6 dxe6 17. Rfe1 Qd6 18. Rad1 Qc5+ 19. Kh1 Nd5 20. Rxe6 Ne3
21. Rxe3 Qxe3 22. Nxf5 1-0

[Event "Aurora Fall op U2000"]
[Site "Newmarket CAN"]
[Date "2018.10.20"]
[Round "2.1"]
[White "Xie, Austin"]
[Black "Ajith, Aayush"]
[Result "1-0"]
[WhiteElo "1382"]
[BlackElo "1734"]
[PlyCount "45"]
[EventDate "2018.10.20"]
[EventType "swiss"]
[EventRounds "5"]
[EventCountry "CAN"]

1. e4 c5 2. Nc3 e6 3. g3 Nc6 4. Bg2 g6 5. f4 d6 6. Nf3 Bg7 7. O-O Nge7 8. d3
O-O 9. Ne2 f5 10. c3 Qc7 11. h3 Bd7 12. g4 Rae8 13. Ng3 Kh8 14. Kh2 b5 15. Bd2
e5 16. gxf5 gxf5 17. Ng5 h6 18. Qh5 Kg8 19. exf5 hxg5 20. fxg5 Bxf5 21. Nxf5
Nxf5 22. Bd5+ Rf7 23. Rxf5 1-0

[Event "Aurora Fall op U2000"]
[Site "Newmarket CAN"]
[Date "2018.10.20"]
[Round "2.4"]
[White "Kuehl, Scott"]
[Black "Jordan, John"]
[Result "0-1"]
[WhiteElo "1588"]
[BlackElo "1567"]
[PlyCount "136"]
[EventDate "2018.10.20"]
[EventType "swiss"]
[EventRounds "5"]
[EventCountry "CAN"]

1. e4 e6 2. Nc3 d5 3. d4 dxe4 4. Nxe4 Nd7 5. Bg5 Ngf6 6. Nf3 Be7 7. Nxf6+ Nxf6
8. Bd3 O-O 9. O-O c5 10. c3 cxd4 11. Nxd4 h6 12. Bh4 Qb6 13. Qb3 Qxb3 14. Nxb3
Rd8 15. Rad1 Bd7 16. Rd2 Kf8 17. Rfd1 Ba4 18. f3 b6 19. Kf1 Nd5 20. Bxe7+ Kxe7
21. Be4 Ne3+ 22. Ke2 Nxd1 23. Bxa8 Rxd2+ 24. Kxd2 Nxb2 25. Nd4 Nc4+ 26. Kd3 Nd6
27. Nc6+ Bxc6 28. Bxc6 e5 29. a4 f5 30. c4 Nf7 31. a5 Nd8 32. Bd5 Kd6 33. axb6
axb6 34. g3 Ne6 35. Kc3 Nc7 36. Bg8 b5 37. cxb5 Nxb5+ 38. Kc4 Nd4 39. f4 Nf3
40. Bh7 Ke6 41. Bg8+ Kf6 42. fxe5+ Kxe5 43. Kd3 Nxh2 44. Ke3 g5 45. Bf7 Ng4+
46. Kf3 Nf6 47. Bb3 Nd5 48. Bd1 Nc3 49. Bc2 Nd5 50. Bd1 f4 51. gxf4+ Nxf4 52.
Kg4 Kf6 53. Bf3 h5+ 54. Kg3 Kf5 55. Bb7 h4+ 56. Kh2 g4 57. Bc8+ Kg5 58. Bb7 Nd3
59. Kg2 Kf4 60. Kh2 Ne1 61. Bh1 Nc2 62. Bb7 Nd4 63. Bh1 Nf3+ 64. Kg2 Ke3 65.
Kf1 h3 66. Bxf3 gxf3 67. Kg1 Ke2 68. Kh2 f2 0-1

[Event "Aurora Fall op U2000"]
[Site "Newmarket CAN"]
[Date "2018.10.20"]
[Round "2.6"]
[White "Supsup, Ferdinand"]
[Black "Corrie, Michael"]
[Result "1-0"]
[WhiteElo "1666"]
[BlackElo "1450"]
[PlyCount "73"]
[EventDate "2018.10.20"]
[EventType "swiss"]
[EventRounds "5"]
[EventCountry "CAN"]

1. d4 e6 2. Bf4 f5 3. Nc3 Nf6 4. Qd2 Be7 5. f3 O-O 6. O-O-O Nh5 7. Be3 d6 8.
Kb1 e5 9. Nd5 Be6 10. dxe5 dxe5 11. Nxe7+ Qxe7 12. Qc3 Nf6 13. Bc5 Qf7 14. Bxf8
Qxf8 15. e4 Nc6 16. exf5 Nd5 17. Qe1 Qxf5 18. Bd3 Qf7 19. a3 a5 20. Nh3 h6 21.
Nf2 Rb8 22. Ng4 b5 23. Nxe5 Nxe5 24. Qxe5 b4 25. a4 b3 26. c3 Nf4 27. Bb5 Qg6+
28. Ka1 Qf7 29. Rhe1 Rb6 30. Rd8+ Kh7 31. g3 Ng6 32. Bd3 Bc4 33. Be4 Re6 34.
Qd4 Qe7 35. Rd7 Qf6 36. Qxc4 Rxe4 37. Qxe4 1-0

[Event "Aurora Fall op U2000"]
[Site "Newmarket CAN"]
[Date "2018.10.20"]
[Round "2.7"]
[White "Khachaturov, Vadim"]
[Black "Yang, Brett"]
[Result "1/2-1/2"]
[WhiteElo "1748"]
[BlackElo "1459"]
[PlyCount "150"]
[EventDate "2018.10.20"]
[EventType "swiss"]
[EventRounds "5"]
[EventCountry "CAN"]

1. e4 e6 2. d4 d5 3. Nd2 Nf6 4. e5 Nfd7 5. Bd3 c5 6. c3 Nc6 7. Ne2 g6 8. O-O
Bg7 9. Nf3 O-O 10. Be3 cxd4 11. cxd4 f6 12. exf6 Qxf6 13. Bg5 Qf7 14. Qd2 Re8
15. Rac1 a6 16. a4 Nf6 17. Ng3 Bd7 18. Rfe1 Kh8 19. b4 Ng8 20. Bb1 b5 21. a5
Qf8 22. Rc5 Rac8 23. Rec1 Qf7 24. Bf4 Rf8 25. Ne2 Nge7 26. Bd6 Rfe8 27. R5c3
Nf5 28. Bxf5 exf5 29. Bc5 h6 30. Re1 Re4 31. Ng3 Rxe1+ 32. Qxe1 Re8 33. Re3
Rxe3 34. fxe3 f4 35. Nf1 fxe3 36. Qxe3 Qe6 37. h3 Qe4 38. Kf2 Kg8 39. Qxe4 dxe4
40. N3d2 Bxd4+ 41. Bxd4 Nxd4 42. Nxe4 Kf7 43. Nc5 Bc8 44. Ne3 Nc6 45. Nd3 Ke6
46. Ke2 Kd6 47. Kd2 Ne5 48. Nc5 Nd7 49. Nb3 Bb7 50. Kd3 Ne5+ 51. Kc3 Nd7 52.
Kd4 Nb8 53. g3 h5 54. Nc5 Nc6+ 55. Kc3 Bc8 56. h4 Ne7 57. Nd3 Nd5+ 58. Nxd5
Kxd5 59. Nf4+ Ke4 60. Nxg6 Kf3 61. Kd4 Kxg3 62. Ke5 Kg4 63. Nf4 Kxh4 64. Kd6
Kg4 65. Nxh5 Kxh5 66. Kc7 Be6 67. Kb7 Kg5 68. Kxa6 Bc4 69. Kb6 Kf5 70. a6 Ke5
71. a7 Bd5 72. Kxb5 Kd6 73. Kb6 Ba8 74. b5 Kd7 75. Ka5 Kc7 1/2-1/2

[Event "Aurora Fall op U2000"]
[Site "Newmarket CAN"]
[Date "2018.10.20"]
[Round "2.8"]
[White "Moran-Venegas, Mario"]
[Black "Xiao, Edward"]
[Result "0-1"]
[WhiteElo "1670"]
[BlackElo "1428"]
[PlyCount "138"]
[EventDate "2018.10.20"]
[EventType "swiss"]
[EventRounds "5"]
[EventCountry "CAN"]

1. d4 d5 2. c4 c6 3. Nc3 Nf6 4. e3 Bf5 5. Be2 e6 6. Nf3 Bd6 7. Nh4 Bg6 8. Nxg6
hxg6 9. h3 Nbd7 10. c5 Bc7 11. b4 e5 12. b5 O-O 13. a4 Ne4 14. Nxe4 dxe4 15.
Bc4 Ba5+ 16. Bd2 exd4 17. exd4 Nf6 18. O-O Qxd4 19. Bxf7+ Rxf7 20. Bxa5 Qxc5
21. Rc1 Qd5 22. Qe2 cxb5 23. axb5 b6 24. Rfd1 Qh5 25. Qxh5 gxh5 26. Bc3 Rc8 27.
Bxf6 Rxc1 28. Rxc1 gxf6 29. Kf1 Rd7 30. Ke2 Kf7 31. Ke3 Re7 32. Kf4 Kg6 33. g4
hxg4 34. hxg4 Re5 35. Rb1 Kf7 36. Rb4 Kg6 37. Rb3 Rg5 38. Rb2 Rc5 39. Kxe4 Rc4+
40. Kf3 Kg5 41. Ra2 Rxg4 42. Rxa7 Rf4+ 43. Ke3 Rf5 44. Rg7+ Kh6 45. Rg1 Rxb5
46. Kf4 Rg5 47. Rb1 b5 48. Ke4 Kg6 49. f4 Rc5 50. Rg1+ Kf7 51. f5 b4 52. Rb1
Rb5 53. Rb3 Ke7 54. Kd3 Kd6 55. Ke4 Re5+ 56. Kf4 Rb5 57. Ke4 Kc5 58. Kd3 Ra5
59. Rb1 Ra3+ 60. Ke4 Kc4 61. Rc1+ Rc3 62. Rb1 b3 63. Rb2 Rc2 64. Rb1 b2 65. Ke3
Kc3 66. Rd1 Rc1 67. Rd8 b1=Q 68. Rc8+ Kb4 69. Rb8+ Kc5 0-1

[Event "Aurora Fall op U2000"]
[Site "Newmarket CAN"]
[Date "2018.10.20"]
[Round "2.9"]
[White "Hua, Michelle"]
[Black "Locham, Divjot"]
[Result "1/2-1/2"]
[WhiteElo "1172"]
[BlackElo "1337"]
[PlyCount "26"]
[EventDate "2018.10.20"]
[EventType "swiss"]
[EventRounds "5"]
[EventCountry "CAN"]

1. c4 c5 2. Nc3 Nc6 3. Nf3 Nf6 4. g3 g6 5. Bg2 Bg7 6. O-O O-O 7. d4 Nxd4 8.
Nxd4 cxd4 9. Qxd4 d6 10. Qd1 Rb8 11. Bf4 b6 12. Qd2 Qc7 13. Rab1 Bb7 1/2-1/2

[Event "Aurora Fall op U2000"]
[Site "Newmarket CAN"]
[Date "2018.10.20"]
[Round "2.10"]
[White "Prost, Bernie"]
[Black "Qiao, Joey"]
[Result "1/2-1/2"]
[WhiteElo "1678"]
[BlackElo "1486"]
[PlyCount "91"]
[EventDate "2018.10.20"]
[EventType "swiss"]
[EventRounds "5"]
[EventCountry "CAN"]

1. e4 e5 2. Nf3 Nc6 3. Bb5 a6 4. Ba4 Nf6 5. O-O b5 6. Bb3 Be7 7. Re1 d6 8. c3
O-O 9. d4 Bg4 10. d5 Nb8 11. Bg5 Nbd7 12. Nbd2 Re8 13. a4 Rb8 14. axb5 axb5 15.
Qe2 h6 16. Be3 Nf8 17. Ra5 Qd7 18. Rea1 Rb7 19. Ra7 Reb8 20. Qd3 Qc8 21. h3 Bh5
22. Nh4 Bg6 23. Nxg6 Nxg6 24. R1a6 Nh5 25. Qf1 Nhf4 26. Nf3 Qd8 27. Qa1 Rxa7
28. Rxa7 Qc8 29. Qa5 Bd8 30. Qa6 Qd7 31. Bc2 Kh7 32. Qa5 Qe7 33. Qa1 Qf6 34.
Qf1 Nxh3+ 35. Kh2 Nhf4 36. Bd1 Nf8 37. g3 N4g6 38. Ra5 c5 39. Rxb5 Ra8 40. Rb3
Nd7 41. Qh3 Nb6 42. Be2 Ra4 43. Ra3 Qe7 44. Bg5 Qe8 45. Bxd8 Qxd8 46. Bb5
1/2-1/2

[Event "Aurora Fall op U2000"]
[Site "Newmarket CAN"]
[Date "2018.10.20"]
[Round "2.11"]
[White "Miaco, Trifelino"]
[Black "Wang, Eric"]
[Result "1-0"]
[WhiteElo "1451"]
[BlackElo "1536"]
[PlyCount "53"]
[EventDate "2018.10.20"]
[EventType "swiss"]
[EventRounds "5"]
[EventCountry "CAN"]

1. b3 e5 2. Bb2 Nc6 3. e3 d5 4. Bb5 Bd6 5. f4 f6 6. fxe5 fxe5 7. Bxe5 Qh4+ 8.
g3 Qe4 9. Bxg7 Bg4 10. Nc3 Qxh1 11. Qxg4 Qxg1+ 12. Bf1 Qxh2 13. O-O-O Qxg3 14.
Qe6+ Nge7 15. Bxh8 Be5 16. Bxe5 Qxe5 17. Bh3 Rd8 18. Rh1 Qxe6 19. Bxe6 d4 20.
Nb5 Ng6 21. Nxc7+ Ke7 22. Rxh7+ Kd6 23. Bh3 dxe3 24. dxe3 Nb4 25. a3 Nd5 26.
Nxd5 Kxd5 27. Bg2+ 1-0

[Event "Aurora Fall op U2000"]
[Site "Newmarket CAN"]
[Date "2018.10.20"]
[Round "2.12"]
[White "Gauthier, David"]
[Black "Lim, Levi"]
[Result "0-1"]
[WhiteElo "1383"]
[BlackElo "1793"]
[PlyCount "64"]
[EventDate "2018.10.20"]
[EventType "swiss"]
[EventRounds "5"]
[EventCountry "CAN"]

1. e4 c6 2. d4 d5 3. e5 Bf5 4. Ne2 e6 5. Ng3 Bg6 6. h4 h6 7. h5 Bh7 8. Bd3 Bxd3
9. cxd3 c5 10. dxc5 Bxc5 11. d4 Bb4+ 12. Bd2 Qb6 13. Rh4 Nc6 14. Ne2 Nge7 15.
a3 Bxd2+ 16. Qxd2 Nf5 17. Rg4 Na5 18. Qc3 Nb3 19. Ra2 O-O 20. Nd2 Nxd2 21. Qxd2
Kh8 22. Ng3 Rac8 23. b4 Rc4 24. Nxf5 exf5 25. Rf4 Rfc8 26. Qd3 Rc1+ 27. Ke2
R8c3 28. Ra1 Rxd3 29. Rxc1 Rxa3 30. f3 Ra2+ 31. Kf1 Qb5+ 32. Kg1 Qe2 0-1

[Event "Aurora Fall op U2000"]
[Site "Newmarket CAN"]
[Date "2018.10.20"]
[Round "2.13"]
[White "Liu, Aaron"]
[Black "Uthayakumar, Ronan"]
[Result "0-1"]
[WhiteElo "1583"]
[BlackElo "1507"]
[PlyCount "108"]
[EventDate "2018.10.20"]
[EventType "swiss"]
[EventRounds "5"]
[EventCountry "CAN"]

1. e4 c5 2. Nf3 Nc6 3. Bb5 g6 4. O-O Bg7 5. c3 e6 6. d4 cxd4 7. cxd4 Nge7 8. d5
Ne5 9. Nxe5 Bxe5 10. Qf3 Qb6 11. Qb3 O-O 12. Na3 Qc7 13. Bh6 Bg7 14. Rac1 Qe5
15. Bxg7 Kxg7 16. dxe6 fxe6 17. Rce1 a6 18. Bd3 b5 19. Nc2 Bb7 20. Ne3 Rac8 21.
f3 d5 22. exd5 Nxd5 23. Nxd5 Qxd5 24. Rxe6 Qc5+ 25. Kh1 Bd5 26. Qc3+ Qxc3 27.
Re7+ Rf7 28. Rxf7+ Kxf7 29. bxc3 Bxa2 30. Rc1 b4 31. Bxa6 Rxc3 32. Rxc3 bxc3
33. Bd3 Bb3 34. h4 h5 35. Kh2 c2 36. Bxc2 Bxc2 37. g4 Kf6 38. Kg3 Ke5 39. f4+
Ke4 40. f5 gxf5 41. gxh5 Ke3 42. h6 f4+ 43. Kg4 f3 44. Kh5 f2 45. h7 Bxh7 46.
Kh6 f1=Q 47. Kxh7 Qf6 48. h5 Kf4 49. h6 Kg5 50. Kg8 Qxh6 51. Kf7 Qf6+ 52. Kg8
Qe7 53. Kh8 Kg6 54. Kg8 Qg7# 0-1